|
|
|
|
| LEADER |
01380nam a2200301 i 4500 |
| 001 |
c000239008 |
| 003 |
CARM |
| 005 |
00000000000000.0 |
| 008 |
840305s1973 nyu 0 eng d |
| 019 |
1 |
|
|a 23981101
|z 500892
|5 LACONCORD2021
|
| 020 |
|
|
|a 023103704X
|
| 020 |
|
|
|a 0231037058
|
| 035 |
|
|
|a (OCoLC)596380
|5 LACONCORD2021
|
| 082 |
0 |
4 |
|a 355.03/3073
|
| 245 |
0 |
0 |
|a American arms and a changing Europe :
|b dilemmas of deterrence and disarmament /
|c [by] Warner R. Schilling [and others].
|
| 260 |
|
|
|a New York :
|b Columbia University Press,
|c 1973.
|
| 300 |
|
|
|a vii, 218 p ;
|c 24 cm.
|
| 500 |
|
|
|a "Revised version of a report written by members of the Institute of War and Peace Studies, Columbia University, under contract with the United States Arms Control and Disarmament Agency and submitted ... in November 1971.".
|
| 504 |
|
|
|a Includes bibliographical references.
|
| 650 |
|
0 |
|a Deterrence (Strategy)
|
| 650 |
|
0 |
|a Disarmament.
|
| 651 |
|
0 |
|a Europe
|x Defenses.
|
| 651 |
|
0 |
|a United States
|x Military policy.
|
| 700 |
1 |
|
|a Schilling, Warner Roller,
|d 1925-
|
| 710 |
2 |
|
|a Columbia University.
|b Institute of War and Peace Studies.
|
| 852 |
8 |
|
|b CARM
|h A1:AP14D0
|i C09123
|p 0364839
|f BK
|
| 999 |
f |
f |
|i 684dad93-1b92-5785-a8bd-ce241b961a81
|s 17e2982c-9e5f-529c-ab32-6b0e294b6ad6
|
| 952 |
f |
f |
|p Can circulate
|a CAVAL
|b CAVAL
|c CAVAL
|d CARM 1 Store
|e C09123
|f A1:AP14D0
|h Other scheme
|i book
|m 0364839
|